AFL Coaches 2026 - Statistics

General Stats
  • This quiz has been taken 60 times
  • The average score is 15 of 18
Answer Stats
Team Coach % Correct
Essendon Brad Scott
98%
Brisbane Lions Chris Fagan
98%
Geelong Chris Scott
98%
Carlton Michael Voss
98%
Collingwood Craig McRae
94%
Hawthorn Sam Mitchell
94%
Gold Coast Suns Damien Hardwick
92%
Western Bulldogs Luke Beveridge
88%
St Kilda Ross Lyon
88%
North Melbourne Alistair Clarkson
84%
Sydney Dean Cox
84%
Fremantle Justin Longmuir
84%
Richmond Adem Yze
82%
Melbourne Steven King
82%
GWS Giants Adam Kingsley
76%
Adelaide Matthew Nicks
73%
Port Adelaide Josh Carr
67%
West Coast Andrew McQualter
63%
No matching quizzes found
Score Distribution
Percent of People with Each Score
Percentile by Number Answered
Your Score History
You have not taken this quiz